00543 2200181 4500245003700000020002200037250001100059100001200070700001300082650001600095005001900111260003100130041001400161084001100175300002300186500014300209336000900352 aMy Bego BoyfriendcDeadelahText a978-602-5508-86-8 aCet. 1 aDeadela aHaykal B aNovel Fiksi a20230927063745 aDepokbCoconut Booksc2019 aIndonesia a808.83 a440 hlm. :c19 cm. aIni cerita tentang cowok bego yang hobi bertingkah receh,jail,dan punya aneka macam cerita konyol serta kebiasaan unik dalam kesehariannya atext